Регионална библиотека "Любен Каравелов" - Русе

Нашият път (Запис номер 456981)

MARC детайли
000 -Лидер
Контролно поле с фиксирана дължина nam a22 a 4500
003 - Код на организацията, давaща контролен номер
Контролно поле BLK
005 - Дата и час на последна редакция
Контролно поле 20220520092900.0
008 - Елементи от данни с фиксирана дължина
fixed length control field 220520b bu |||||r|||| 00| u bu d
040 ## - Източник на каталожния запис
Идентификатор на билиотеката - собственик на записа BLK
041 ## - Код за език
Код за езика на текст/звукозапис или на отделно заглавие Български
Код за езика КДБФ Български
080 ## - УДК
Текстов определител УДК Комунистически партии. Вж и 327.323
УДК код - определител по УДК 329.15
УДК определител (430)
УДК - код + определител 329.15(430)
100 ## - Редна дума - Автор
R(LIN) 1299
Автор Мис, Херберт
Авторска отговорност първи автор
139 ## - Редно поле
Редна дума Мис, Херберт
245 ## - Сведения за заглавието
Заглавие Нашият път
Подзаглавни данни Сб. докл., статии, речи; Прев. от нем.
Редно поле (дума) Херберт Мис
260 ## - Област на издателските данни
9 (RLIN) 211414
Място на издаване, разпространение и проч. София
Име на издателя, разпространителя и проч. Партиздат
Година на издаване 1983
300 ## - Физическа характеристика
Страници 324 с.
Размери/Мащаб 21 см
380 ## - Жанр
Жанр Обществени науки
490 ## - СЕРИИ (Колекции)
9 (RLIN) 205821
Име на серия Политически дейци на нашето време
500 ## - Общи забележки
Забележка Прев. е направен от ръкоп.
650 #7 - Допълнително описание по предмет – тема
9 (RLIN) 159108
Основно описание – тема или топоним Комунистически партии - Германия
653 #0 - Ключова дума – ненормативна
9 (RLIN) 474406
Ключова дума партийни дейци
852 ## - Местоположение
Форматна сигнатура Цб 120525
Фондова буква Хранилище
999 ## - СИСТЕМНИ КОНТРОЛНИ НОМЕРА
Koha biblionumber 456981
Koha biblioitemnumber 456981
942 ## - АРТИКУЛИ
Вид на библиотечния материал Книги
Скрит в OPAC Не
Периодичен библиозапис Да
944 ## - СЪЗДАВАНЕ И РЕДАКЦИЯ на ЗАПИСА
Създаване/Редакция Създаване
Дата на регистрацията/редакция 2022-05-20
Служител, извършил регистрацията/редакцията А.М.
Наличности
Код за отписване Код за изгубен артикул Източник на класификационната схема Код за повреда Коз за рестрикции Код за отдаване Артикулен № Име на библиотеката - собственик Име на библиотеката, в която се намира в момента Статус (Текущо местоположение) Дата на вписване в системата Местоположение - отдел Цена в лева Инвентарен номер Систематично азбучна сигнатура Баркод Цена в евро Служебен тип на артикула
  Не е изгубен Universal Decimal Classification Не е повреден само за читалня ползва се в читалня 885796 Регионална библиотека "Любен Каравелов" Русе Регионална библиотека "Любен Каравелов" Русе Хранилище 2022-05-23 Хранилище 1.50 374571 Цб 120525 120000374571 0.77 Книги
Vip Innovations Ltd, Rousse, Bulgaria 2025